[Event "EU-ch U16 Girls 18th"]
[Site "Herceg Novi"]
[Date "2008.09.23"]
[Round "8"]
[White "Vericeanu, Ilinca"]
[Black "Motycakova, Monika"]
[Result "1-0"]
[WhiteElo "1811"]
[BlackElo "1948"]
[PlyCount "77"]
[EventDate "2008.09.15"]
[EventType "swiss"]
[EventRounds "9"]
[EventCountry "MNE"]
[SourceTitle "CBM 126 Extra"]
[Source "ChessBase"]
[SourceDate "2008.11.05"]
[SourceVersion "1"]
[SourceVersionDate "2008.11.05"]
[SourceQuality "1"]

1. e4 e5 2. Nf3 Nc6 3. Bb5 a6 4. Ba4 Nf6 5. d3 b5 6. Bb3 Be7 7. 0-0 d6 8. c3 0-0 9. Re1 Na5 10. Bc2 c5 11. Nbd2 Bd7 12. Nf1 Nc6 13. Ng3 Re8 14. h3 h6 15. Be3 Rc8 16. Qd2 Bf8 17. Rac1 d5 18. exd5 Nxd5 19. Ne4 f5 20. Bb3 Be6 21. Nxc5 Bf7 22. g3 f4 23. gxf4 exf4 24. Bd4 Rxe1+ 25. Rxe1 Nxd4 26. cxd4 Bxc5 27. dxc5 Rxc5 28. d4 Rc7 29. Ne5 Be6 30. Kh2 Qh4 31. Ng4 Bxg4 32. Bxd5+ Kh7 33. Qxf4 Qxh3+ 34. Kg1 Rc8 35. Qe4+ Kh8 36. Qg6 Bf5 37. Re8+ Rxe8 38. Qxe8+ Kh7 39. Bg8+ 1-0

[Event "EU-ch U16 Girls 18th"]
[Site "Herceg Novi"]
[Date "2008.09.21"]
[Round "6"]
[White "Vericeanu, Ilinca"]
[Black "Thorsteinsdottir, Hallgerdur"]
[Result "0-1"]
[WhiteElo "1811"]
[BlackElo "1907"]
[PlyCount "54"]
[EventDate "2008.09.15"]
[EventType "swiss"]
[EventRounds "9"]
[EventCountry "MNE"]
[SourceTitle "CBM 126 Extra"]
[Source "ChessBase"]
[SourceDate "2008.11.05"]
[SourceVersion "1"]
[SourceVersionDate "2008.11.05"]
[SourceQuality "1"]

1. e4 c6 2. Nc3 d5 3. Nf3 Bg4 4. h3 Bxf3 5. Qxf3 Nf6 6. g4 e6 7. d3 Bb4 8. g5 Nfd7 9. exd5 cxd5 10. Bd2 Nc6 11. Qf4 Nde5 12. Bg2 Bd6 13. Qa4 a6 14. 0-0 0-0 15. Ne2 Qc7 16. f4 b5 17. Qb3 Ng6 18. c4 bxc4 19. dxc4 Rab8 20. Qa4 Rxb2 21. Rfd1 Bxf4 22. Nxf4 Nxf4 23. cxd5 Ne2+ 24. Kh1 Ng3+ 25. Kg1 Nd4 26. Ba5 Nde2+ 27. Kf2 Qc5+ 0-1

[Event "Wch U14 Girls"]
[Site "Kemer"]
[Date "2007.11.18"]
[Round "1"]
[White "Vericeanu, Ilinca"]
[Black "Hejazipour, Mitra"]
[Result "0-1"]
[WhiteElo "1669"]
[BlackElo "2073"]
[PlyCount "58"]
[EventDate "2007.11.18"]
[EventType "swiss"]
[EventRounds "11"]
[EventCountry "TUR"]
[SourceTitle "CBM 121 Extra"]
[Source "ChessBase"]
[SourceDate "2008.01.10"]
[SourceVersion "1"]
[SourceVersionDate "2008.01.10"]
[SourceQuality "1"]

1. e4 e5 2. Nf3 Nc6 3. Bb5 a6 4. Ba4 Nf6 5. 0-0 Be7 6. Re1 b5 7. Bb3 d6 8. d3 Na5 9. Nbd2 Bd7 10. Nf1 Nxb3 11. axb3 c5 12. Ng3 0-0 13. Nh4 Re8 14. Bg5 h6 15. Bxf6 Bxf6 16. Nhf5 Bxf5 17. Nxf5 Bg5 18. Qg4 h5 19. Qxh5 g6 20. Qg4 gxf5 21. exf5 Kf8 22. g3 Qf6 23. Qe4 Kg7 24. h4 Bh6 25. Qc6 Rec8 26. Qd5 Rd8 27. Re4 Qxf5 28. g4 Qf3 29. g5 Bxg5 0-1

[Event "EU-ch U14 Girls 17th"]
[Site "Sibenik"]
[Date "2007.09.18"]
[Round "5"]
[White "Remoli Sargues, Lidia"]
[Black "Vericeanu, Ilinca"]
[Result "1-0"]
[WhiteElo "1894"]
[BlackElo "1669"]
[PlyCount "47"]
[EventDate "2007.09.14"]
[EventType "swiss"]
[EventRounds "9"]
[EventCountry "CRO"]
[SourceTitle "CBM 120 Extra"]
[Source "ChessBase"]
[SourceDate "2007.11.01"]
[SourceVersion "1"]
[SourceVersionDate "2007.11.01"]
[SourceQuality "1"]

1. d4 Nf6 2. Bg5 e6 3. e4 Be7 4. Bd3 c5 5. e5 Nd5 6. Bxe7 Qxe7 7. Qg4 f5 8. exf6 Nxf6 9. Qh4 cxd4 10. Qxd4 e5 11. Qc3 Nc6 12. Nd2 d5 13. 0-0-0 Be6 14. Bb5 d4 15. Bxc6+ bxc6 16. Qxc6+ Kf7 17. Qa6 Rhc8 18. Qd3 Rab8 19. Ngf3 Bxa2 20. Rhe1 Qb4 21. Nxe5+ Kg8 22. Qa3 d3 23. Qxa2+ Kh8 24. Nf7+ 1-0

[Event "EU-ch U14 Girls 17th"]
[Site "Sibenik"]
[Date "2007.09.16"]
[Round "3"]
[White "Vericeanu, Ilinca"]
[Black "Auvray, Juliette"]
[Result "1-0"]
[WhiteElo "1669"]
[BlackElo "1906"]
[PlyCount "53"]
[EventDate "2007.09.14"]
[EventType "swiss"]
[EventRounds "9"]
[EventCountry "CRO"]
[SourceTitle "CBM 120 Extra"]
[Source "ChessBase"]
[SourceDate "2007.11.01"]
[SourceVersion "1"]
[SourceVersionDate "2007.11.01"]
[SourceQuality "1"]

1. e4 c6 2. Nc3 d5 3. Nf3 dxe4 4. Nxe4 Nd7 5. Bc4 Ngf6 6. Neg5 e6 7. Qe2 Nd5 8. 0-0 Be7 9. d3 h6 10. Ne4 0-0 11. h3 Qc7 12. Nh2 N7f6 13. Nxf6+ Nxf6 14. Ng4 b5 15. Bb3 a5 16. a3 Bb7 17. Nxf6+ Bxf6 18. Qg4 Kh8 19. f4 Qb6+ 20. Kh1 Rad8 21. f5 e5 22. Qh5 Kg8 23. Bxh6 gxh6 24. Qg6+ Kh8 25. Qxf6+ Kh7 26. Bxf7 Qc7 27. Qg6+ 1-0

[Event "EU-ch U14 Girls 17th"]
[Site "Sibenik"]
[Date "2007.09.14"]
[Round "1"]
[White "Pavlidou, Ekaterini"]
[Black "Vericeanu, Ilinca"]
[Result "1-0"]
[WhiteElo "1984"]
[BlackElo "1669"]
[PlyCount "32"]
[EventDate "2007.09.14"]
[EventType "swiss"]
[EventRounds "9"]
[EventCountry "CRO"]
[SourceTitle "CBM 120 Extra"]
[Source "ChessBase"]
[SourceDate "2007.11.01"]
[SourceVersion "1"]
[SourceVersionDate "2007.11.01"]
[SourceQuality "1"]

1. d4 Nf6 2. c4 e6 3. Nc3 Bb4 4. Qc2 c5 5. dxc5 0-0 6. a3 Bxc5 7. Nf3 b6 8. Bg5 Bb7 9. e3 Be7 10. Be2 Nc6 11. 0-0 d6 12. Rfd1 e5 13. b4 Nd7 14. Bxe7 Qxe7 15. Ne4 Rad8 16. Nxd6 Ba8 1-0

[Event "EU Union-ch U14"]
[Site "Mureck"]
[Date "2007.08.??"]
[Round "7"]
[White "Vericeanu, Ilinca"]
[Black "Schulz, Anja2222"]
[Result "1/2-1/2"]
[WhiteElo "1669"]
[BlackElo "1867"]
[PlyCount "63"]
[EventDate "2007.08.??"]
[EventType "swiss"]
[EventRounds "9"]
[EventCountry "AUT"]
[SourceTitle "EXT 2008"]
[Source "ChessBase"]
[SourceDate "2007.11.25"]
[SourceVersion "1"]
[SourceVersionDate "2007.11.25"]
[SourceQuality "1"]

1. e4 c5 2. Nc3 Nc6 3. Bb5 g6 4. Bxc6 bxc6 5. f4 Bg7 6. d3 d6 7. Nf3 e6 8. 0-0 Ne7 9. Bd2 0-0 10. h4 h5 11. Ng5 f6 12. Nh3 f5 13. Ng5 fxe4 14. dxe4 Rb8 15. Rb1 d5 16. exd5 exd5 17. Qe1 Qd6 18. f5 Rxf5 19. Ne2 Rxb2 20. Rxb2 Bxb2 21. c3 d4 22. Rxf5 Bxf5 23. Bf4 Qf6 24. Qd1 Nd5 25. Qb3 Bxc3 26. Qb8+ Qf8 27. Qxa7 Qe7 28. Qb8+ Qf8 29. Qb7 Qe7 30. Qb8+ Qf8 31. Qe5 Qe7 32. Qb8+ 1/2-1/2

[Event "World School-ch U15 Girls 3rd"]
[Site "Chalkidiki"]
[Date "2007.05.02"]
[Round "6.4"]
[White "Vericeanu, Ilinca"]
[Black "Chan, Wei Yi Victoria"]
[Result "0-1"]
[WhiteElo "1619"]
[BlackElo "1891"]
[PlyCount "124"]
[EventDate "2007.04.28"]
[EventType "team-tourn"]
[EventRounds "9"]
[EventCountry "GRE"]
[SourceTitle "CBM 118 Extra"]
[Source "ChessBase"]
[SourceDate "2007.07.04"]
[SourceVersion "1"]
[SourceVersionDate "2007.07.04"]
[SourceQuality "1"]

1. d4 Nf6 2. Bg5 Ne4 3. Bf4 d6 4. f3 Nf6 5. e4 g6 6. Nc3 Bg7 7. Bc4 Nbd7 8. Nge2 c6 9. Qd2 e5 10. dxe5 dxe5 11. Be3 0-0 12. Rd1 Qe7 13. 0-0 Re8 14. Ng3 Nf8 15. Qf2 b6 16. Bb3 Ba6 17. Rfe1 Red8 18. Ba4 Qc7 19. h4 h5 20. Bb3 Rxd1 21. Rxd1 Rd8 22. Rxd8 Qxd8 23. Qd2 Qxd2 24. Bxd2 N6d7 25. Be3 Bf6 26. Nh1 Bxh4 27. Nf2 Be7 28. a3 Bc5 29. Bxc5 Nxc5 30. Ba2 Nce6 31. Nh3 Kg7 32. Nd1 Nd4 33. Ne3 Nfe6 34. Kf2 Kf6 35. Ng1 Nc5 36. g4 Na4 37. Nh3 Nxb2 38. g5+ Ke7 39. f4 exf4 40. Nxf4 Na4 41. Nd1 Nc5 42. c3 Nde6 43. Ke3 Nxg5 44. e5 Nge6 45. Ne2 Nd7 46. Nd4 Nxe5 47. Ke4 Nxd4 48. cxd4 Nc4 49. Nc3 Nxa3 50. d5 cxd5+ 51. Nxd5+ Kd6 52. Ne3 Bb7+ 53. Kf4 Ke7 54. Nd1 b5 55. Nb2 a5 56. Nd3 Nc4 57. Nc1 a4 58. Ne2 Nd6 59. Nc3 Bc6 60. Ne2 b4 61. Nd4 Bd7 62. Kg5 Nb5 0-1

[Event "World School-ch U15 Girls 3rd"]
[Site "Chalkidiki"]
[Date "2007.04.29"]
[Round "2.6"]
[White "Vericeanu, Ilinca"]
[Black "Hristodoulaki, Antonia"]
[Result "1/2-1/2"]
[WhiteElo "1619"]
[BlackElo "1858"]
[PlyCount "96"]
[EventDate "2007.04.28"]
[EventType "team-tourn"]
[EventRounds "9"]
[EventCountry "GRE"]
[SourceTitle "CBM 118 Extra"]
[Source "ChessBase"]
[SourceDate "2007.07.04"]
[SourceVersion "1"]
[SourceVersionDate "2007.07.04"]
[SourceQuality "1"]

1. e4 c5 2. Nc3 Nc6 3. Bb5 Nd4 4. Bc4 a6 5. Nf3 e6 6. a4 Ne7 7. Nxd4 cxd4 8. Ne2 Nc6 9. 0-0 Bc5 10. d3 0-0 11. f4 Re8 12. Ng3 Qh4 13. Qh5 Qxh5 14. Nxh5 d6 15. Ng3 Bd7 16. f5 e5 17. Rf3 Nb4 18. Bb3 d5 19. Bd2 dxe4 20. Nxe4 b6 21. Rg3 Kh8 22. f6 g6 23. Ng5 Be6 24. Bxe6 fxe6 25. Nf7+ Kg8 26. Nxe5 Red8 27. f7+ Kf8 28. Bh6+ Ke7 29. Rf1 Nxc2 30. f8Q+ Rxf8 31. Bxf8+ Rxf8 32. Rxf8 Kxf8 33. Nd7+ Ke7 34. Nxc5 bxc5 35. Rh3 h5 36. Rg3 Kf7 37. Rf3+ Ke7 38. Kf2 Ne3 39. Rxe3 dxe3+ 40. Kxe3 e5 41. Ke4 Ke6 42. a5 Kd6 43. g3 Ke6 44. h3 Kd6 45. h4 Ke6 46. b3 Kd6 47. Kf3 Kd5 48. Ke3 Kd6 1/2-1/2